000 00661nam a2200217Ia 4500
005 20250508165814.0
008 008 250505s9999 xx 000 0 eng d
020 _a978-81-309-1376-6
037 _aTextBook
040 _aFEDL
_beng
_cFEDL
041 _aeng
_2eng
084 _a370.193, BHA/R
_qFEDL
100 _aBhatia Lakshmi
_9289916
245 0 _aEducation and society in a changing Mizoram: The practice of pedagogy
260 _aNew Delhi, India
_bRoutledge
_c2010
300 _alxviii,215p.
365 _aINR
_b595
490 _aTransition in Northeastern India. No.1
942 _cTB
_h370.193, BHA/R
999 _c1397564
_d1397564